00313pam a2200121 a 4500020000500000041000500005082000600010100002500016245006000041250000800101260007400109300000800183 c h a- aFAIRHEAD (H)eauthor aThe 386 / 486 PC : A Power User GuidehTextual Document a2nd bDr. D.Y Patil Institute of Management and Research pune 4110018c1994 a343